| 000 -LEADER | |
|---|---|
| fixed length control field | 00613nam a22001937a 4500 |
| 003 - CONTROL NUMBER IDENTIFIER | |
| control field | OSt |
| 005 - DATE AND TIME OF LATEST TRANSACTION | |
| control field | 20250420134820.0 |
| 008 - FIXED-LENGTH DATA ELEMENTS--GENERAL INFORMATION | |
| fixed length control field | 210523b ||||| |||| 00| 0 eng d |
| 020 ## - INTERNATIONAL STANDARD BOOK NUMBER | |
| International Standard Book Number | 9781475925944 |
| 040 ## - CATALOGING SOURCE | |
| Original cataloging agency | KCST |
| Transcribing agency | KCST |
| 082 ## - DEWEY DECIMAL CLASSIFICATION NUMBER | |
| Classification number | 629.46 |
| Item number | We Sa |
| 100 ## - MAIN ENTRY--PERSONAL NAME | |
| Personal name | Welti, C. Robert |
| 9 (RLIN) | 5224 |
| 245 ## - TITLE STATEMENT | |
| Title | Satellite basics for everyone : |
| Remainder of title | an illustrated guide to satellites for non-technical and technical people / |
| Statement of responsibility, etc. | C. Robert Welti |
| 260 ## - PUBLICATION, DISTRIBUTION, ETC. | |
| Place of publication, distribution, etc. | Bloomington, IN : |
| Name of publisher, distributor, etc. | iUniverse; |
| Date of publication, distribution, etc. | 2012. |
| 300 ## - PHYSICAL DESCRIPTION | |
| Extent | x, 135 pages : |
| Other physical details | illustrations ; |
| Dimensions | 23 cm |
| 650 ## - SUBJECT ADDED ENTRY--TOPICAL TERM | |
| Topical term or geographic name entry element | Artificial satellites. |
| 9 (RLIN) | 5225 |
| 942 ## - ADDED ENTRY ELEMENTS (KOHA) | |
| Koha item type | Book |
| 942 ## - ADDED ENTRY ELEMENTS (KOHA) | |
| Source of classification or shelving scheme | Dewey Decimal Classification |
| Withdrawn status | Lost status | Source of classification or shelving scheme | Damaged status | Not for loan | Home library | Current library | Date acquired | Cost, normal purchase price | Total checkouts | Total renewals | Full call number | Barcode | Date last seen | Date last checked out | Price effective from | Koha item type |
|---|---|---|---|---|---|---|---|---|---|---|---|---|---|---|---|---|
| Dewey Decimal Classification | KCST Library | KCST Library | 24/05/2021 | 37.97 | 3 | 2 | 629.46 We Sa | 1000000756 | 06/11/2025 | 12/10/2025 | 24/05/2021 | Book |